<?xml version="1.0" encoding="UTF-8"?>
<record
    xmlns:xsi="http://www.w3.org/2001/XMLSchema-instance"
    xsi:schemaLocation="http://www.loc.gov/MARC21/slim http://www.loc.gov/standards/marcxml/schema/MARC21slim.xsd"
    xmlns="http://www.loc.gov/MARC21/slim">

  <leader>01497nab a2200265 i 4500</leader>
  <controlfield tag="001">BPP</controlfield>
  <controlfield tag="003">BPK</controlfield>
  <controlfield tag="005">20141023124126.0</controlfield>
  <controlfield tag="008">141023s2004    pl  |  |     |000 ||pol</controlfield>
  <datafield tag="040" ind1=" " ind2=" ">
    <subfield code="c">BPK</subfield>
  </datafield>
  <datafield tag="041" ind1=" " ind2=" ">
    <subfield code="a">pol</subfield>
    <subfield code="b">eng</subfield>
  </datafield>
  <datafield tag="044" ind1=" " ind2=" ">
    <subfield code="a">POL</subfield>
  </datafield>
  <datafield tag="080" ind1=" " ind2=" ">
    <subfield code="a">62-2</subfield>
  </datafield>
  <datafield tag="100" ind1=" " ind2=" ">
    <subfield code="a">KACALAK, Wojciech.</subfield>
    <subfield code="d">1996 - .</subfield>
    <subfield code="b">Politechnika Koszali&#x144;ska - Wydzia&#x142; Mechaniczny,</subfield>
    <subfield code="c">Katedra Mechaniki Precyzyjnej</subfield>
  </datafield>
  <datafield tag="245" ind1=" " ind2=" ">
    <subfield code="a">Przek&#x142;adnie &#x15B;limakowe z regulowanym luzem bocznym = </subfield>
    <subfield code="b">Worm gears with adjusted side - play /</subfield>
    <subfield code="c">Wojciech Kacalak, Daniel Biedny.</subfield>
  </datafield>
  <datafield tag="260" ind1=" " ind2=" ">
    <subfield code="c">2004.</subfield>
  </datafield>
  <datafield tag="500" ind1=" " ind2=" ">
    <subfield code="a">Dane z autopsji.</subfield>
  </datafield>
  <datafield tag="520" ind1=" " ind2=" ">
    <subfield code="a">W artykule przedstawiono rozwi&#x105;zania precyzyjnych przek&#x142;adni &#x15B;limakowych zapewniaj&#x105;cych regulacj&#x119; luzu bocznego. Opisano ich budow&#x119; i sposoby kasowania luzu bocznego. Konstrukcje opisane w pracy s&#x105; alternatyw&#x105; wobec kosztownych przek&#x142;adni falowych i precyzyjnych przek&#x142;adni konwencjonalnych. W artykule zawarto r&#xF3;wnie&#x17C; kr&#xF3;tkie opisy prezentowanych przek&#x142;adni.</subfield>
  </datafield>
  <datafield tag="650" ind1=" " ind2="0">
    <subfield code="a">Przek&#x142;adnie &#x15B;limakowe.</subfield>
  </datafield>
  <datafield tag="655" ind1=" " ind2="0">
    <subfield code="a">Materia&#x142;y konferencyjne.</subfield>
  </datafield>
  <datafield tag="700" ind1=" " ind2=" ">
    <subfield code="a">BIEDNY, Daniel Pawe&#x142; - doktorant.</subfield>
    <subfield code="b">Politechnika Koszali&#x144;ska - Wydzia&#x142; Mechaniczny,</subfield>
    <subfield code="c">Katedra Mechaniki Precyzyjnej</subfield>
  </datafield>
  <datafield tag="711" ind1=" " ind2=" ">
    <subfield code="a">Mi&#x119;dzynarodowa Konferencja Naukowo-Techniczna : Ko&#x142;a Z&#x119;bate KZ 2004 : wytwarzanie, pomiary, eksploatacja</subfield>
    <subfield code="d">(2004 ;</subfield>
    <subfield code="c">Rzesz&#xF3;w, Polska).</subfield>
  </datafield>
  <datafield tag="773" ind1=" " ind2=" ">
    <subfield code="i">W :</subfield>
    <subfield code="t">Zeszyty Naukowe Politechniki Rzeszowskiej. -</subfield>
    <subfield code="g">2004, nr 217, s. 82-91</subfield>
    <subfield code="k">Mechanika z. 64</subfield>
  </datafield>
  <datafield tag="942" ind1=" " ind2=" ">
    <subfield code="c">ART</subfield>
    <subfield code="2">UKD</subfield>
  </datafield>
  <datafield tag="999" ind1=" " ind2=" ">
    <subfield code="c">6689</subfield>
    <subfield code="d">6689</subfield>
  </datafield>
  <datafield tag="952" ind1=" " ind2=" ">
    <subfield code="0">0</subfield>
    <subfield code="1">0</subfield>
    <subfield code="4">0</subfield>
    <subfield code="7">0</subfield>
    <subfield code="a">BPK</subfield>
    <subfield code="b">BPK</subfield>
    <subfield code="o">0984</subfield>
    <subfield code="y">ART</subfield>
  </datafield>
</record>
